书目信息 |
| 题名: |
电梯控制及维护技术
|
|
| 作者: | 王为民 , 朱坚儿 主编 | |
| 分册: | ||
| 出版信息: | 北京 电子工业出版社 2011.02 |
|
| 页数: | 245页 | |
| 开本: | 26cm | |
| 丛书名: | 职业院校教学用书 | |
| 单 册: | ||
| 中图分类: | TU857 | |
| 科图分类: | ||
| 主题词: | 电梯--dian ti--维修--专业学校--教材 , 电梯--dian ti--电气控制--专业学校--教材 | |
| 电子资源: | ||
| ISBN: | 978-7-121-12863-9 | |
| 000 | 01274nam 2200313 450 | |
| 001 | B20110022440 | |
| 005 | 20110723085307.60 | |
| 010 | @a978-7-121-12863-9@dCNY29.80 | |
| 100 | @a20110328d2011 km y0chiy50 ea | |
| 101 | 0 | @achi |
| 102 | @aCN@b110000 | |
| 105 | @aak a 000yy | |
| 106 | @ar | |
| 200 | 1 | @a电梯控制及维护技术@Adian ti kong zhi ji wei hu ji shu@f朱坚儿, 王为民主编 |
| 210 | @a北京@c电子工业出版社@d2011.02 | |
| 215 | @a245页@c图@d26cm | |
| 225 | 2 | @a职业院校教学用书@Azhi ye yuan xiao jiao xue yong shu@e电子技术专业 |
| 320 | @a有书目 | |
| 330 | @a全书共5章,第1章详细介绍了电梯电气控制系统的特点、组成、发展和分类,电梯电气控制系统的主要电气部件、主要环节、主要线路和系统;第2、3、4章分别介绍了继电器、PLC、微机等几种自动控制电梯的基本原理、控制功能;第5章主要介绍了电梯电气装置的安装和故障分析。 | |
| 333 | @a本书可作为各类院校电梯控制系统课程的专业教材,也可供电梯工程技术人员在设计、安装、调试、维护工作中阅读参考。 | |
| 410 | 0 | @12001 @a职业院校教学用书 |
| 586 | @a | |
| 606 | 0 | @a电梯@Adian ti@x维修@x专业学校@j教材 |
| 606 | 0 | @a电梯@Adian ti@x电气控制@x专业学校@j教材 |
| 690 | @aTU857@v5 | |
| 701 | 0 | @a王为民@Awang wei min@4主编 |
| 701 | 0 | @a朱坚儿@Azhu jian er@4主编 |
| 801 | 0 | @aCN@c20110610 |
| 905 | @dTU857@eZ851@f3 | |
| 电梯控制及维护技术/朱坚儿, 王为民主编.-北京:电子工业出版社,2011.02 |
| 245页:图;26cm.-(职业院校教学用书:电子技术专业) |
| 使用对象:本书可作为各类院校电梯控制系统课程的专业教材,也可供电梯工程技术人员在设计、安装、调试、维护工作中阅读参考。 |
| ISBN 978-7-121-12863-9:CNY29.80 |
| 全书共5章,第1章详细介绍了电梯电气控制系统的特点、组成、发展和分类,电梯电气控制系统的主要电气部件、主要环节、主要线路和系统;第2、3、4章分别介绍了继电器、PLC、微机等几种自动控制电梯的基本原理、控制功能;第5章主要介绍了电梯电气装置的安装和故障分析。 |
| ● |
| 相关链接 |
|
|
|
正题名:电梯控制及维护技术
索取号:TU857/Z851
 
预约/预借
| 序号 | 登录号 | 条形码 | 馆藏地/架位号 | 状态 | 备注 |
| 1 | 886947 | 208869474 | 建筑库201/201建筑库 85排1列3层/ [索取号:TU857/Z851] | 在馆 | |
| 2 | 886948 | 208869483 | 建筑库201/201建筑库 85排1列3层/ [索取号:TU857/Z851] | 在馆 | |
| 3 | 886949 | 208869492 | 建筑库201/201建筑库 85排1列3层/ [索取号:TU857/Z851] | 在馆 |